The nature of design

Salvato in:
Dettagli Bibliografici
Autore principale: Pye, David (Autore)
Natura: Libro
Lingua:inglese
Pubblicazione: Londres Vista 1964
Soggetti:
Tags: Aggiungi Tag
Nessun Tag, puoi essere il primo ad aggiungerne!!

MARC

LEADER 00000nam a2200000 a 4500
001 UCT0996
003 CL-VaPUC
008 960913e19640000UK |||||||||||||||||eng|d
082 0 4 |a 745.2  |b PYE  |2 21 
100 0 |a Pye, David  |e author  |9 369646 
245 1 4 |a The nature of design 
300 |a 96 p 
942 |c BK 
945 |d 19960913 00:00:00  |a rleighto 
260 |a Londres  |b Vista  |c 1964 
650 0 |a Arte y ciencia   |9 330656 
650 0 |a Diseño industrial  |9 262726 
650 7 |a TECNICAS  |2 CL-VaPUC  |9 315860 
650 0 |a Máquinas  |9 259419 
650 0 |a Arquitectura  |9 804558 
583 |a last modification  |c 19960913 00:00:00  |k Rodrigo Vera 
999 |c 251675  |d 251673 
952 |0 0  |1 0  |4 0  |6 745_200000000000000_PYE_1964  |7 0  |8 P  |9 270993  |a BIBARQ  |b BIBARQ  |d 2019-11-19  |i 3230678  |o 745.2 PYE 1964  |p 3230678  |r 2025-01-20  |w 2019-11-19  |y BK  |k ARQ